书目信息 |
| 题名: |
毛泽东与贺龙
|
|
| 作者: | 王福生 , 王璠 著 | |
| 分册: | ||
| 出版信息: | 北京 北京出版社 2003 |
|
| 页数: | 11,439页 | |
| 开本: | 21cm | |
| 丛书名: | 毛泽东高层政治交往书系 | |
| 单 册: | ||
| 中图分类: | A752 , K825.2=72 , A752 | |
| 科图分类: | ||
| 主题词: | 毛泽东--生平事迹 , 毛泽东--传记 | |
| 电子资源: | ||
| ISBN: | 7-200-03371-5 | |
| 000 | 01135oam2 2200361 450 | |
| 001 | 1234692123 | |
| 005 | 20120928094003.07 | |
| 010 | @a7-200-03371-5@dCNY26.00 | |
| 100 | @a20031224d2003 em y0chiy50 ea | |
| 101 | 0 | @achi |
| 102 | @aCN@b110000 | |
| 105 | @ay z 000yd | |
| 106 | @ar | |
| 200 | 1 | @a毛泽东与贺龙@e我当你的保皇派@f王福生,王璠著@Amao ze dong yu he long |
| 205 | @a2版 | |
| 210 | @a北京@c北京出版社@d2003 | |
| 215 | @a11,439页@d21cm | |
| 225 | 2 | @a毛泽东高层政治交往书系 |
| 330 | @a本书研究了毛泽东与贺龙的关系,了解到共和国的缔结者——毛泽东与贺龙在革命生涯中的情感世界。 | |
| 461 | 0 | @1001002538973 |
| 600 | 0 | @a毛泽东@f(1893-1976)@x生平事迹 |
| 600 | 0 | @a贺龙@f(1896-1969) |
| 600 | 0 | @a毛泽东@f(1893-1976) |
| 600 | 0 | @a贺龙@f(1896-1969)@x生平事迹 |
| 606 | 0 | @a毛泽东@x生平事迹 |
| 606 | 0 | @a毛泽东@x传记 |
| 690 | @aA752@v4 | |
| 690 | @aK825.2=72@v4 | |
| 690 | @aA752@v4 | |
| 701 | 0 | @a王福生@f(1939.8~)@4著@Awang fu sheng |
| 701 | 0 | @a王璠@c(女,@f1968~)@4著@Awang fan |
| 801 | 0 | @aCN@b大连网信软件有限公司图书馆·11@c20120928 |
| 905 | @a10447@dA752@eJY44 | |
| 毛泽东与贺龙:我当你的保皇派/王福生,王璠著.-2版 .-北京:北京出版社,2003 |
| 11,439页;21cm .-(毛泽东高层政治交往书系 ) |
| ISBN 7-200-03371-5:CNY26.00 |
| 本书研究了毛泽东与贺龙的关系,了解到共和国的缔结者——毛泽东与贺龙在革命生涯中的情感世界。 |
| ● |
| 相关链接 |
|
|
|
|
正题名:毛泽东与贺龙
索取号:A752/JY44
 
预约/预借
| 序号 | 登录号 | 条形码 | 馆藏地/架位号 | 状态 | 备注 |
| 1 | 7809354 | 278093545 | 学院路分馆/ [索取号:A752/JY44] | 在馆 | |
| 2 | 7809355 | 278093554 | 学院路分馆/ [索取号:A752/JY44] | 在馆 | |
| 3 | 7809356 | 278093563 | 学院路分馆/ [索取号:A752/JY44] | 在馆 | |
| 4 | 7809357 | 278093572 | 学院路分馆/ [索取号:A752/JY44] | 在馆 |